Central Library OPAC University of Rajshahi

Anglo-Saxon England and the Norman conquest / (Record no. 23995)

MARC details
000 -LEADER
fixed length control field 01034cam a22003011 4500
001 - CONTROL NUMBER
control field 23995
003 - CONTROL NUMBER IDENTIFIER
rucl marc code BD-RjUL
005 - DATE AND TIME OF LATEST TRANSACTION
control field 20211209001009.0
008 - FIXED-LENGTH DATA ELEMENTS--GENERAL INFORMATION
fixed length control field 140312t19661962enkb b 001 0 eng d
035 ## - SYSTEM CONTROL NUMBER
System control number (BD-RjUL)24060
040 ## - CATALOGING SOURCE
Original cataloging agency DLC
Transcribing agency DLC
Modifying agency DLC
-- BD-RjUL
Language of cataloging eng
041 ## - LANGUAGE CODE
Language code of text/sound track or separate title eng
082 00 - DEWEY DECIMAL CLASSIFICATION NUMBER
Classification number 942.01
Author mark and year LOA 1966
100 1# - MAIN ENTRY--PERSONAL NAME
Personal name Loyn, H. R.
Fuller form of name (Henry Royston)
9 (RLIN) 73888
245 10 - TITLE STATEMENT
Title Anglo-Saxon England and the Norman conquest /
Statement of responsibility, etc. by H. R. Loyn.
260 ## - PUBLICATION, DISTRIBUTION, ETC. (IMPRINT)
Place of publication, distribution, etc. London :
Name of publisher, distributor, etc. Longmans,
Date of publication, distribution, etc. c1962 [Reprinted 1966]
300 ## - PHYSICAL DESCRIPTION
Pagination xii, 422 p. :
Illustrations maps. ;
Size 23 cm.
504 ## - BIBLIOGRAPHY, ETC. NOTE
Bibliography, etc Bibliography: p. 385-407. and Index
650 #0 - SUBJECT ADDED ENTRY--TOPICAL TERM
Topical term or geographic name as entry element Normans
Geographic subdivision England.
9 (RLIN) 73890
651 #0 - SUBJECT ADDED ENTRY--GEOGRAPHIC NAME
Geographic name Great Britain
General subdivision History
Chronological subdivision Anglo-Saxon period, 449-1066.
9 (RLIN) 73891
Geographic name England
General subdivision Economic conditions.
9 (RLIN) 73892
Geographic name England
General subdivision Social conditions
Chronological subdivision 1066-1485.
9 (RLIN) 73893
Geographic name England
General subdivision Social conditions
Chronological subdivision To 1066.
9 (RLIN) 73894
942 ## - ADDED ENTRY ELEMENTS (KOHA)
Source of classification or shelving scheme Dewey Decimal Classification
Koha item type Books
Holdings
Lost status Source of classification or shelving scheme Damaged status Not for loan Collection code Permanent Location Current Location Shelving location Date acquired Source of acquisition Cost, normal purchase price Total Checkouts Full call number Date last seen Copy number Koha item type
  Dewey Decimal Classification     Non-fiction Central Library, University of Rajshahi Central Library, University of Rajshahi   04/12/1968 zeithinger 35.00   942.01 LOA 1966 12/03/2014 C-2 Books
  Dewey Decimal Classification   Added to bundle Non-fiction Central Library, University of Rajshahi Central Library, University of Rajshahi Reading Room 04/12/1968 Zeitlinger 35.00   942.01 LOA 1966 12/03/2014 C-1 Books